BIBLIOTECA PODER JUDICIAL
Portal Judicial TDF

Maternar en contextos complejos : (Registro nro. 6436)

000 -LEADER
fixed length control field 01408nab a22002537a 4500
003 - CONTROL NUMBER IDENTIFIER
control field OSt
005 - DATE AND TIME OF LATEST TRANSACTION
control field 20260203102718.0
008 - FIXED-LENGTH DATA ELEMENTS--GENERAL INFORMATION
fixed length control field 190429b xxu||||| |||| 00| 0 spa d
040 ## - CATALOGING SOURCE
Transcribing agency PJ
100 ## - MAIN ENTRY--PERSONAL NAME
Personal name Pino, Gabriela Belén
245 10 - TITLE STATEMENT
Title Maternar en contextos complejos :
Remainder of title el desafío de contemplar la vulnerabilidad en clave de género /
Statement of responsibility, etc Gabriela Belén Pino.
260 ## - PUBLICATION, DISTRIBUTION, ETC. (IMPRINT)
Date of publication, distribution, etc Ciudad Autónoma de Buenos Aires :
Place of publication, distribution, etc Thomson Reuters La Ley,
Name of publisher, distributor, etc 2023.
300 ## - PHYSICAL DESCRIPTION
Extent p. 69-75
500 ## - GENERAL NOTE
General note Cita Online: AR/DOC/2398/2023.
505 ## - FORMATTED CONTENTS NOTE
Formatted contents note Sumario: I. Una sentencia express.— II. El papel central de los estereotipos.— III. La contextualización como punto de partida.— IV. Una magistratura con lentes de realidad.— V. La mirada interseccional es posible y urgente.— VI. Conclusiones.<br/><br/><br/>
505 ## - FORMATTED CONTENTS NOTE
Formatted contents note Fallo comentado: TS Córdoba, sala penal ~ 19/05/2023 ~ B., M. A. S. y otro (S., M. R.) s/ p.ss.aa homicidio calificado —reenvío de la Corte Suprema de Justicia de la Nación—.
505 ## - FORMATTED CONTENTS NOTE
Title Si te interesa el texto completo, solicitalo a koha@justierradelfuego.gov.ar
650 #0 - SUBJECT ADDED ENTRY--TOPICAL TERM
9 (RLIN) 343
Topical term or geographic name as entry element DERECHO PENAL
650 #0 - SUBJECT ADDED ENTRY--TOPICAL TERM
9 (RLIN) 2913
Topical term or geographic name as entry element HOMICIDIO
650 #0 - SUBJECT ADDED ENTRY--TOPICAL TERM
9 (RLIN) 2693
Topical term or geographic name as entry element DOLO
650 #0 - SUBJECT ADDED ENTRY--TOPICAL TERM
9 (RLIN) 4044
Topical term or geographic name as entry element PERSPECTIVA DE GÉNERO
773 0# - HOST ITEM ENTRY
Host Biblionumber 2658
Host Itemnumber 3164
Title Revista de derecho penal y criminología. Nº 11 - Diciembre 2023
Place, publisher, and date of publication Ciudad Autónoma de Buenos Aires : Thomson Reuters La Ley, 2017-
International Standard Serial Number 00347914
942 ## - ADDED ENTRY ELEMENTS (KOHA)
Source of classification or shelving scheme
Koha item type Analítica Artículo de Revista

No hay ítems disponibles.

12 de Octubre 789 Ushuaia - Tel:  54(02901)441571
Horario de Atención: 8.00 a 17.00 hs. 
bibliotecaush@justierradelfuego.gov.ar
koha@justierradelfuego.gov.ar
Seguinos en nuestras redes @bibliojustdf 

Con tecnología Koha